LIBRARY & INFORMATION CENTRE, KCAET, TAVANUR

ONLINE PUBLIC ACCESS CATALOGUE (OPAC)

Soil Science Simplified (Record no. 14725)

MARC details
000 -LEADER
fixed length control field 00369nam a22001457a 4500
020 ## - INTERNATIONAL STANDARD BOOK NUMBER
ISBN 9789381714256
082 ## - DEWEY DECIMAL CLASSIFICATION NUMBER
Classification number 631.4
Item number KOH/SO
100 ## - MAIN ENTRY--AUTHOR NAME
Personal name Kohnke,Helmut
100 ## - MAIN ENTRY--AUTHOR NAME
Personal name Franzmeier D.P.
245 ## - TITLE STATEMENT
Title Soil Science Simplified
250 ## - EDITION STATEMENT
Edition statement 4 th
260 ## - PUBLICATION, DISTRIBUTION, ETC. (IMPRINT)
Place of publication New Delhi
Name of publisher Med- Tech - Scientific International Pvt. Ltd
Year of publication 2013
300 ## - PHYSICAL DESCRIPTION
Number of Pages 162
942 ## - ADDED ENTRY ELEMENTS (KOHA)
Koha item type Book Bank scheme for SC students
Holdings
Withdrawn status Lost status Damaged status Collection code Home library Current library Shelving location Date acquired Source of acquisition Cost, normal purchase price Full call number Accession Number Koha item type
        KAUAET KAUAET Scheme 23/08/2016 Dream Tech Publishers & Book Sellers, Trivandrum. 295.00 631.4 KOH/SO BB 354 Book Bank scheme for SC students
        KAUAET KAUAET Scheme 23/08/2016 Dream Tech Publishers & Book Sellers, Trivandrum. 295.00 631.4 KOH/SO BB 355 Book Bank scheme for SC students
free website counter